| 000 | 00361cam a2200145ua 4500 | ||
|---|---|---|---|
| 041 |
_ahin _h |
||
| 082 |
_a891.54 _bTRI/GA |
||
| 100 | _aTripathi, Goshi . | ||
| 245 |
_aGandhiji / _cGoshi Tripathi. _hTextual Documents |
||
| 260 |
_aAhamadabad : _bNavjeevan prakashan mandir , _c1961. |
||
| 300 | _a38 ; . | ||
| 504 | _a | ||
| 942 | _cBK | ||
| 999 |
_c12486 _d12486 |
||